Fussballverein zur Hauptstadt #1 - Statistiken

Allgemein
  • Dieses Quiz wurde 216 mal gespielt
    112 seit der letzten Aktualisierung
  • Das Durchschnittsergebnis liegt bei 9 aus 10
Antworten auf der Karte
Die Antworten werden auf der Karte rot bzw. grün angezeigt, abhängig davon wie oft sie richtig erraten wurden.
 
Antwortstatistiken
Antwort % Korrekt
RSC Anderlecht
96%
FC Kopenhagen
95%
SK Slavia Prag
93%
FK Austria Wien
92%
Flora Tallinn
87%
Dinamo Zagreb
86%
FC Dinamo Minsk
86%
FC NSA Sofia
86%
FK Partizani Tirana
78%
Fudbalski klub Željezničar
76%
Keine übereinstimmenden Quizze gefunden
Verteilung der Resultate
Anzahl Personen mit jedem Resultat
Perzentil nach korrekt beantworteten Fragen
Ihre Resultats-Entwicklung
Sie haben dieses Quiz seit der letzten Aktualisierung nicht gespielt